000 00206 a2200097 4500
001 47585
100 _a
245 _aWings of our Navey
260 _aNew York
_bCoward McCann inc
_c
090 _c30598
_d30598
942 _aNUST-CAE
_cM
_c22889
999 _c282658
_d282658